Cities, Towns and Villages of Otsego County, NY Quiz Stats

 Plays Quiz not verified by Sporcle

Challenge
Share
Tweet
Embed
Score 0/34 Timer 07:00
0 Plays Today
Location Type Name % Correct
VillageVillage of Cooperstown
94.7%
TownTown of Oneonta
86.8%
CityCity of Oneonta
86.8%
TownTown of Otego
68.4%
VillageVillage of Otego
68.4%
TownTown of Otsego
65.8%
TownTown of Hartwick
57.9%
TownTown of Milford
57.9%
VillageVillage of Milford
57.9%
TownTown of Cherry Valley
52.6%
VillageVillage of Cherry Valley
52.6%
TownTown of Unadilla
52.6%
VillageVillage of Unadilla
52.6%
TownTown of Laurens
50%
VillageVillage of Laurens
50%
TownTown of Morris
44.7%
VillageVillage of Morris
44.7%
Location Type Name % Correct
TownTown of Richfield
44.7%
VillageVillage of Richfield Springs
44.7%
TownTown of Butternuts
42.1%
TownTown of Edmeston
42.1%
TownTown of Maryland
42.1%
TownTown of Springfield
39.5%
TownTown of Worcester
34.2%
TownTown of New Lisbon
31.6%
TownTown of Burlington
28.9%
VillageVillage of Gilbertsville
28.9%
TownTown of Exeter
28.9%
TownTown of Middlefield
26.3%
TownTown of Pittsfield
23.7%
TownTown of Decatur
21.1%
TownTown of Plainfield
15.8%
TownTown of Roseboom
15.8%
TownTown of Westford
13.2%

You're not logged in!

Compare scores with friends on all Sporcle quizzes.
OR
Log In

You Might Also Like...

Show Comments

Extras

Top Quizzes Today


Score Distribution

Your Account Isn't Verified!

In order to create a playlist on Sporcle, you need to verify the email address you used during registration. Go to your Sporcle Settings to finish the process.

Report this User

Report this user for behavior that violates our Community Guidelines.

Details: